| 000 | 00319 a2200121 4500 | ||
|---|---|---|---|
| 003 | Nust | ||
| 005 | 20170207154219.0 | ||
| 040 | _cNust | ||
| 082 | _a050 | ||
| 245 |
_aDefence Indian Review - Jan-Mar 2000 Vol.15 (1) _cEditor by Bharat Verma |
||
| 260 |
_aNew Delhi _bDefence Indian _c2000 |
||
| 300 | _a106 p. | ||
| 942 | _cMAGS | ||
| 999 |
_c195183 _d195183 |
||